000 00656nam a2200289Ia 4500
005 20260324134041.0
008 008 260324s9999 xx 000 0 eng d
020 _a9780429232688
037 _aEBOOK
040 _aCRL
040 _beng
040 _cCRL
041 _2eng
041 _aeng
084 _qCRL
100 _aBijit Bora
_91195388
245 0 _aForeign Direct Investment
245 0 _bResearch Issues
260 _bTaylor and Francis
260 _c2002
365 _a
365 _b290
856 _uhttp://www.taylorfrancis.com/books/9780429232688
942 _cEBOOK
999 _c1795049
_d1795049